UM Logo

Physical education, exercise and sport science in a changing society/ (Record no. 463)

MARC details
000 -LEADER
fixed length control field 00840nam a22002177a 4500
008 - FIXED-LENGTH DATA ELEMENTS--GENERAL INFORMATION
fixed length control field 151209b xxu||||| |||| 00| 0 eng d
020 ## - INTERNATIONAL STANDARD BOOK NUMBER
International Standard Book Number 9781284034080
082 ## - DEWEY DECIMAL CLASSIFICATION NUMBER
Edition number c2015
Classification number DC 613.71
Item number F855
100 ## - MAIN ENTRY--PERSONAL NAME
9 (RLIN) 1153
Personal name Freeman, William H., author
245 ## - TITLE STATEMENT
Title Physical education, exercise and sport science in a changing society/
Statement of responsibility, etc. William H. Freeman.
250 ## - EDITION STATEMENT
Edition statement Eighth edition.
260 ## - PUBLICATION, DISTRIBUTION, ETC. (IMPRINT)
Place of publication, distribution, etc. Burlington, MA:
Name of publisher, distributor, etc. Jones & Bartlett Learning,
Date of publication, distribution, etc. c2015.
300 ## - PHYSICAL DESCRIPTION
Extent xv, 434 pages:
Other physical details illustrations;
Dimensions 223 cm.
500 ## - GENERAL NOTE
General note Includes references and index.
650 #0 - SUBJECT ADDED ENTRY--TOPICAL TERM
9 (RLIN) 1187
Topical term or geographic name as entry element Physical education and training.
650 #0 - SUBJECT ADDED ENTRY--TOPICAL TERM
9 (RLIN) 1188
Topical term or geographic name as entry element Physical education and training
General subdivision Professional ethics.
650 #0 - SUBJECT ADDED ENTRY--TOPICAL TERM
9 (RLIN) 1189
Topical term or geographic name as entry element Sports sciences
General subdivision study and teaching.
650 #0 - SUBJECT ADDED ENTRY--TOPICAL TERM
9 (RLIN) 1190
Topical term or geographic name as entry element Physical education and training
General subdivision history
365 ## - TRADE PRICE
Price amount 9,317.00
Currency code Php
942 ## - ADDED ENTRY ELEMENTS (KOHA)
Source of classification or shelving scheme Dewey Decimal Classification
Koha item type Circulation
Holdings
Withdrawn status Lost status Source of classification or shelving scheme Damaged status Not for loan Collection code Home library Current library Shelving location Date acquired Source of acquisition Total Checkouts Full call number Barcode Date last seen Date last checked out Copy number Cost, replacement price Price effective from Koha item type
    Dewey Decimal Classification     Circulation UM Digos College - LIC UM Digos College - LIC Book Cart 08/28/2015 Purchased 3 DC 613.71 F855 2015 23611 05/15/2025 08/14/2020 1 9317.00 12/09/2015 Circulation